00623nam a22001577a 4500003000900000008004100009040007100050082002500121110002100146245003400167260003900201300002400240505015600264650002200420650002300442AR-CdUCM190402b           ||||| |||| 00| 0 spa d  aMUNICIPALIDAD PROVINCIAL DEL CUSCOcBIBLIOTECA MUNICIPAL DEL CUSCO  aES / 373.4511 /bA11  aSantillana, s.a.  aÁbaco 1  :bMatemática  /  aPerú :bSantillana, s.a.,c1992.  a175 paginasc28 cm.  aContenido :Conjuntos -- Operaciones con conjuntos -- Correspondencia -- Números naturales -- Multiplicación y división en números naturales ...  aMatemática pura  aCiencias aplicadas